| 000 | 01830cam a22004094a 4500 | ||
|---|---|---|---|
| 001 | 16627368 | ||
| 003 | OSt | ||
| 005 | 20150408114153.0 | ||
| 008 | 110121s2011 nyua b 001 0 eng | ||
| 010 | _a 2011003161 | ||
| 020 | _a9780415607704 (pbk.) | ||
| 035 | _a(DNLM)101552071 | ||
| 040 |
_aDNLM/DLC _cDLC |
||
| 042 | _apcc | ||
| 050 | 0 | 0 |
_aQR41.2 _b.B34 2011 |
| 060 | 1 | 0 | _aQW 18.2 |
| 082 | 0 | 0 |
_a579 _222 _bBSM |
| 100 | 1 |
_aBaker, Simon, _d1966- _940131 |
|
| 245 | 1 | 0 |
_aMicrobiology / _cSimon Baker, Jane Nicklin, Caroline Griffiths. |
| 250 | _a4th ed. | ||
| 260 |
_aNew York : _bGarland Science, _cc2011. |
||
| 300 |
_aviii, 352 p. : _bill. ; _c25 cm. |
||
| 490 | 1 | _aBIOS instant notes | |
| 500 | _aRev. ed. of: Microbiology / S. Baker ... [et al.]. 3rd ed. 2007. | ||
| 504 | _aIncludes bibliographical references and index. | ||
| 520 | _a"BIOS Instant Notes in Microbiology, fourth edition, is a concise microbiology textbook for undergraduates. All of the important areas of microbiology are covered in a format that is ideal for learning and rapid revision. Each topic begins with a summary of the essential facts-an ideal revision checklist-followed by a description of the subject that focuses on the core information, with clear simple diagrams that are easy for students to understand and recall in essays and examinations"--Provided by publisher. | ||
| 650 | 0 |
_aMicrobiology _vTextbooks. _940132 |
|
| 650 | 1 | 2 |
_aMicrobiology _vOutlines. _96581 |
| 650 | 2 | 2 |
_aMicrobiological Processes _vOutlines. _940133 |
| 700 | 1 |
_aNicklin, J. _q(Jane) _940134 |
|
| 700 | 1 |
_aGriffiths, Caroline. _940135 |
|
| 730 | 0 |
_aMicrobiology. _919587 |
|
| 830 | 0 |
_aBIOS instant notes. _940126 |
|
| 906 |
_a7 _bcbc _corignew _d1 _eecip _f20 _gy-gencatlg |
||
| 942 |
_2ddc _cDVD |
||
| 999 |
_c32199 _d266699 |
||